| 000 | 00608nam a22001817a 4500 | ||
|---|---|---|---|
| 003 | OSt | ||
| 005 | 20251125114826.0 | ||
| 008 | 251125b |||||||| |||| 00| 0 eng d | ||
| 020 | _a971-513-173-5 | ||
| 040 |
_aDWC-Main lib _cOC |
||
| 082 |
_21st edition _aFil. 174.2 Et37 2003 |
||
| 245 | _aEthical issues in health care | ||
| 250 | _a1st edition | ||
| 260 |
_aManila : _bEducational Publishing House, _cc2003. |
||
| 300 |
_aix, 265 pages : _c23 cm. |
||
| 504 | _aIncludes bibliographical references | ||
| 942 |
_2ddc _cBK - FIL _e1st edition _hFil. 174.2 Et37 2003 _kFil. _n0 |
||
| 999 |
_c6255 _d6255 |
||